| 000 | 00807nam a22002177a 4500 | ||
|---|---|---|---|
| 003 | OSt | ||
| 005 | 20250808081900.0 | ||
| 008 | 240618b |||||||| |||| 00| 0 eng d | ||
| 020 | _a978-621-427-161-0 | ||
| 040 |
_cDWCL-Main lib. _aOC |
||
| 082 | _aFil. 540.28 R457e 2023 | ||
| 100 | _aReyes, Juan Apolinario C. | ||
| 245 |
_aEarth and life science : _banthropocene the epoch of significant human influence/ _cJuan Apolinario C. Reyes & Marco Apolinario |
||
| 260 |
_aIntramuros, Manila, Philippines : _bUnlimited Books Library Services and Publishing Inc., _cc2023. |
||
| 300 |
_ax, 336 pages : _billustrations ; _c26cm. |
||
| 504 | _aIncludes bibliographical references. | ||
| 650 | _a1. Earth science. | ||
| 650 | _a2. Life science. | ||
| 700 | _aApolinario, Marco | ||
| 942 |
_2ddc _cBK - FIL _kFil. _n0 |
||
| 999 |
_c846 _d846 |
||